Statistics for Countries that Speak French

Click here to take the quiz!

General Stats

  • This quiz has been taken 39 times
  • The average score is 22 of 29

Answer Stats

ContinentCountry% Correct
EuropeFrance
100%
Belgium
94%
Luxembourg
94%
Switzerland
94%
Canada
89%
Senegal
89%
North AmericaHaiti
86%
Chad
83%
Mali
83%
Burkina Faso
80%
Cameroon
80%
Central African Republic
80%
Guinea
80%
Benin
77%
Gabon
77%
Ivory Coast
77%
Congo
74%
AfricaDemocratic Republic of the Congo
74%
Monaco
74%
Niger
74%
Togo
74%
Djibouti
71%
PolynesiaVanuatu
60%
Burundi
57%
Madagascar
49%
Rwanda
49%
Comoros
46%
Equatorial Guinea
46%
Seychelles
40%

Score Distribution

Percentile by Number Answered

Percent of People with Each Score

Your Score History

You have not taken this quiz